000 00269nam a2200109Ia 4500
001 1278076
005 20260417163043.0
008 260417s9999 xx 000 0 und d
020 _a9786256030770
245 0 _aDikiş Kafa 2 - Korsanın Gözü
260 _bDokuz Çocuk
999 _c1278076
_d1278076